MDQL
is popping MORE tags! Check the
thread
!
Quizzes
Events
Quiz Creation
Community
Videos
Private Events
Remove Ads
Sign In
Join for FREE
Feedback
Dark Mode
Quiz Categories
Sports
Geography
Music
Movies
Television
Just For Fun
Miscellaneous
History
Literature
Language
Science
Gaming
Entertainment
Religion
Holiday
For Kids
Quiz Lab
Recent
Popular Today
Quiz Kudos Today
Editor Picks
Curator Picks
Quizzes by...
Day
Popularity
Type
Ratings
Length
Year
Community
Subscriptions
Recent Discussions
Orange Saloon
Badges
Playlists
Quests
Create
Leaderboards
Showdown
Live 5
Trivia Bingo
Activity
Puzzle Library
Sporcle Events
Private Events
Virtual Trivia
Globe League
Become a Host
Pub Owners
SporcleCon
Opinionation
Our Games
Videos
Blog
Mobile Apps
Partnerships
Remove Ads and Go Orange
Feedback
Sports
Athletes
MLB
NBA
NHL
NFL
Soccer
Sports Teams
WWE
NCAA
Football
Premier League
Basketball
Baseball
Hockey
Golf
Tennis
Cricket
Rugby
Auto Racing
Olympics
World Cup
Sports
Athletes
MLB
NBA
NHL
NFL
Soccer
Sports Teams
WWE
NCAA
Football
Premier League
Basketball
Baseball
Hockey
Golf
Tennis
Cricket
Rugby
Auto Racing
Olympics
World Cup
Random Quiz
Search Sporcle
×
Curator Pick
Curator Pick
Sports
Baseball
Type in answers that appear in a list
Type in answers that appear in a list
Classic
Best Score? Go Orange.
Ford C. Frick Award Stats
Can you name the Ford C. Frick Award (Excellence in Broadcasting)?
By
Ben
7m
39 Questions
148 Plays
148 Plays
148 Plays
Comments
Comments
Give Quiz Kudos
Give Quiz Kudos
-
- Ratings
hide this ad
Replay
Link that replays current quiz
Next Quiz
Link to next quiz in quiz playlist
You Got
0%
They Got
Avg Score
35%
Avg Friend Score
Upgrade to see
Score Distribution
Jump to the score distribution portion of the page
Score
0/39
Timer
07:00
0
Plays Today
Year
Winner
% Correct
1982
Vin Scully
84.4%
1987
Jack Buck
70.7%
1989
Harry Caray
69.4%
1978
Mel Allen
66%
2003
Bob Uecker
59.2%
2010
Jon Miller
59.2%
1981
Ernie Harwell
57.1%
1978
Red Barber
54.4%
2002
Harry Kalas
52.4%
2012
Tim McCarver
48.6%
1983
Jack Brickhouse
44.2%
2015
Dick Enberg
42.6%
1991
Joe Garagiola
40.8%
1992
Milo Hamilton
40.1%
2000
Marty Brennaman
40.1%
2009
Tony Kubek
40.1%
1984
Curt Gowdy
39.5%
2005
Jerry Coleman
36.1%
2008
Dave Niehaus
35.4%
1988
Lindsey Nelson
33.3%
Year
Winner
% Correct
1980
Russ Hodges
32.7%
1994
Bob Murphy
30.6%
2013
Tom Cheek
28.4%
1986
Bob Prince
25.9%
2014
Eric Nadel
23.6%
1990
By Saam
22.4%
1993
Chuck Thompson
21.8%
1998
Jaime Jarrin
21.1%
2007
Denny Matthews
21.1%
2004
Lon Simmons
20.4%
1996
Herb Carneal
16.3%
2006
Gene Elston
16.3%
1979
Bob Elson
13.6%
2001
Felo Ramírez
12.2%
1995
Bob Wolff
10.2%
1997
Jimmy Dudley
10.2%
1999
Arch McDonald
9.5%
2011
Dave Van Horne
9.5%
1985
Buck Canel
8.2%
Quiz Playlist
Details
Report
Send in Message
Add To Playlist
Classic:
Type in answers that appear in a list
Quiz Source
Last Updated: Feb 16, 2017
Curator Pick in
Baseball
Quiz Scoreboard
CHALLENGE
Sign Up to Join the Scoreboard
Show All
Scores
Hide
Comments
May contain spoilers
Recently Published
Image Sorting: Flags VI
by Barbecue
Geography
2m
Find the 'City' Movie
by crazypaving
Movies
60s
Colored Red Africa Blitz
by spor1
Geography
45s
More to Explore
Quiz From the Vault
Featured Blog Post
14 Easter Pick-up Lines to Find Eggs With
hide this ad
You Might Also Like...
Tags
Baseball Quiz
Announcer
Award
Broadcasting
ford
frick
hof
Winner
Today's Top Quizzes in Sports
Browse Sports
hide this ad
Today's Top Quizzes in Baseball
Browse Baseball
Top Contributed Quizzes in Sports
1
Les meilleurs buteurs des matchs entre le PSG et l’OM
2
Les entraîneurs de l'OM et du PSG au 21e siècle
3
2022 World Cup Stars
4
Les joueurs passés par le PSG et l'OM
5
Players with Multiple 50 Home Run Seasons
6
Criteria MLB: Left Handed Sluggers
7
FIFA Club World Cup Champions
8
Les joueurs passés par le LOSC et le RC Lens
9
NBA Logic Puzzle 2.0
10
Top 10 NHL Goal Scorers of All Time
Explore More
Trending Topics
Harry Potter
Disney
NBA
Anime
Marvel
Crossword
Kpop
Soccer
Pokémon
Song
Puzzle
Country
WWE
NFL
The Office
hide this ad
More By:
Ben
Quiz
Plays
Rating
Category
Featured
Created
Disney Songs
2,283,282
4.12
Movies
Jan 30, 2009
NCAA Helmets
1,114,989
4.54
Sports
Oct 16, 2009
NBA Finals MVPs
920,659
4.69
Sports
Nov 28, 2008
4-Letter Countries
879,099
4.70
Geography
Feb 19, 2009
Candy Slogans
861,504
3.93
Entertainment
May 15, 2009
Go to Creator's Profile
Score Distribution
Quiz Creator Spotlight
Ben
Follow
Send a Message
Quizzes Created
-
Created Quiz Play Count
-
More By This Creator
Popular Quizzes Today
1
Colored Red Africa Blitz
2
Find the US States - No Outlines Minefield
3
Find the 'City' Movie
4
5x2 Blitz: Bands
5
The Countries of the World
6
Find the Countries of Europe - No Outlines Minefield
7
Find the US States
8
US States
More Sports Quizzes
Super Bowl Matchups by Divisions
Curator's Pick
Trending Quizzes
Colored Red Europe Blitz I
Colored Red Europe Blitz II
Colored Red Africa Blitz II
Colored Red Europe Blitz III
Colored Red Africa Blitz III
Recently Updated
How Do You Spell That?
pecheneg
Godzilla Movies
pecheneg
Grab Bag: 4-10 Letters
pecheneg
2024 March Madness Bracket
pecheneg
Famous TV Couples
Peacemaker
Champions League XIs: Real Madrid
pecheneg
Largest US Cities 1790-2010
pecheneg
Rides in Walt Disney World
pecheneg
Most Oscar Losses (Acting)
pecheneg
Beyoncé Albums
pecheneg
Trending Topics
Crossword
Marvel
Kpop
Anime
Disney
Harry Potter
NBA
NFL
Song
Country
Puzzle
Soccer
WWE
Pokémon
The Office
Your Account Isn't Verified!
In order to create a playlist on Sporcle, you need to verify the email address you used during registration. Go to your
Sporcle Settings
to finish the process.
Report this User
Report this user for behavior that violates our
Community Guidelines
.
Details:
Send Report
Go to the Sporcle.com Mobile Site →
Comments